00401nam a22001337a 450000500170000000800410001704100130005808200130007110000130008424500670009726000520016430000250021665000260024120240318061811.0240318b |||||||| |||| 00| 0 eng d aEnglish  a349 IND  lEnglish  aIndustrial Law Journal : cedited by H Cheadle and E Mureinik  aCape Town : bJuta and Company Limited, c1980  b73 pages ; c25 cm.  aLegal practice bLaw